000 00442nam a2200193Ia 4500
005 20250425162645.0
008 250425s9999 xx 000 0 und d
020 _a0863800661
041 _aeng
082 _a576
245 0 _aMICROBIOLOGY IN ACTION
250 _aS.E
260 _aEstados Unidos
_bRESEARCH STUDIES PRESS
_c1988
260 _aNEW YORK
300 _a356
650 _aMICROBIOLOGIA
942 _c01
010 _a94804
999 _c233766
_d233766